Normal view
MARC view
- Imran Qamar Butt (00000277154)
Entry Personal Name
001 - CONTROL NUMBER
- control field: 116563
003 - CONTROL NUMBER IDENTIFIER
- control field: NUST
005 - DATE AND TIME OF LATEST TRANSACTION
- control field: 20230912170007.0
008 - FIXED-LENGTH DATA ELEMENTS
- fixed length control field: 230912|| aca||aabn | a|a d
040 ## - CATALOGING SOURCE
- Original cataloging agency: NUST
- Transcribing agency: NUST
100 ## - HEADING--PERSONAL NAME
- Personal name: Imran Qamar Butt (00000277154)
670 ## - SOURCE DATA FOUND
- Source citation: Work cat.: (NUST): Imran Qamar Butt (00000277154), Passive Islanding Detection using Square Law Method /, 2021
